000 00454nam a22001697a 4500
005 20240109105755.0
008 190529b xxu||||| |||| 00| 0 eng d
020 _a978-81-85790-52-3
041 _aeng
100 _aFURSULE, DR. R.A. KULKARNI , Dr. J.S AGARKAR ,Dr .P.H
_98339
245 _aBIOCHEMISTRY BASIC AND APPLIED
250 _a7th, ed,
260 _aPUNE
_bNIRALI PRAKASHAN
300 _aA-27
650 _aPHARMACY
_xB.PHARMA
942 _cBK
999 _c5894
_d5892